| 000 | 00900nmc a2200325 a 4500 | ||
|---|---|---|---|
| 003 | AR-BaBNM | ||
| 005 | 20251128211835.0 | ||
| 008 | 246120sc198 ||||||||||||||000 | spa|| | ||
| 020 | _a950-082-009-9 | ||
| 040 | _cAR-BaBNM | ||
| 100 | 1 | _aAnder-Egg, Ezequiel | |
| 245 | 1 | 0 | _aMetodología y práctica del desarrollo de la comunidad |
| 250 | _a2ª ed. | ||
| 260 |
_aBuenos Aires _bHumanitas _cc1982 |
||
| 300 | 0 | _a190 p. | |
| 490 | 0 |
_aDesarrollo social _vv. 1 |
|
| 500 | 0 | _aDonación Fainholc | |
| 650 | 4 | _aDESARROLLO SOCIAL | |
| 650 | 4 | _aPOLITICA DE DESARROLLO | |
| 650 | 4 | _aCOMUNIDADES | |
| 650 | 4 | _aPROGRAMAS DE DESARROLLO | |
| 650 | 4 | _aPROCESOS SOCIALES | |
| 650 | 4 | _aPROYECTOS DE DESARROLLO | |
| 650 | 4 | _aCOOPERATIVAS | |
| 650 | 4 | _aCOOPERACION | |
| 700 | 1 |
_aOspina Restrepo, Gabriel _eprologuista |
|
| 800 | 1 | _aSierra de Villaverde, Sela | |
| 942 | _cBK | ||
| 998 | _cNancy | ||
| 999 |
_c21340 _d21340 |
||